Allgemeinwissen Teil 1 - Statistiken

Allgemein
  • Dieses Quiz wurde 498 mal gespielt
  • Das Durchschnittsergebnis liegt bei 7 aus 15
Antwortstatistiken
Frage Antwort % Korrekt
Was ist die am wenigsten verbreiteteHaarfarbe auf der Welt? Rot
90%
Wieviele davon starben? 3
89%
Wieviele Personen waren bei PrincessDiana's Unfall im Auto? 4
87%
Was ist das Lieblingsobst der Deutschen? Apfel
81%
Für was steht DDR? Deutsche DemokratischeRepublik
79%
Aus welchem Gemüse bestehen Nachos im Allgemeinen? Mais
66%
Was ist Deutschlands größte Insel? Rügen
57%
Wie heißt die Pizza, die man mit vierKäsesorten belegt? Quattro Formaggi
43%
Wie heißt Jesus mit Nachnamen? von Nazaret
39%
In welchem Jahr wurde Michael Jackson geboren? 1958
34%
Was ist eine allgemeine Ziffernkombi-nation für etwas standardmäßiges? 0815
28%
Welches Land hat die höchste Kriminalitätsrate? El Salvador
11%
Welcher Fussballverein istRekordmeister in der Schweizer Super League? Grasshoppers Zürich
11%
Am welchem Datum ist Maria Himmel-fahrt jedes Jahr? 15.08.
7%
Wieviele bekannte Monde hat der Saturn? 83
4%
Keine übereinstimmenden Quizze gefunden
Verteilung der Resultate
Anzahl Personen mit jedem Resultat
Perzentil nach korrekt beantworteten Fragen
Ihre Resultats-Entwicklung
Sie haben dieses Quiz noch nicht gespielt